000 00265nam a2200097Ia 4500
001 649754
005 20250826153747.0
008 250824s9999 xx 000 0 und d
245 0 _aKURTULUŞUN KAHRAMANLARI 19 YAHYA KAPTAN
_cİSMAİL BİLGİN
260 _bTİMAŞ ÇOCUK
999 _c649754
_d649754